عرض عادي
عرض مارك
- Graziani, Rick.
مدخل إسم شخص
001 - رقم الضبط
- حقل الضبط: 37968
003 - معرف رقم الضبط
- حقل الضبط: OSt
005 - تاريخ ووقت أخر عملية
- حقل الضبط: 20131017102634.0
008 - عناصر بيانات ثابتة الطول
- حقل تحكم ثابت الطول: 131017|||a|||||| | ||| d
040 ## - مصدر الفهرسة
- هيئة الفهرسة الأصلية: OSt
- وكالة الكتابة: OSt
100 ## - مدخل -- أسم شخص
- إسم شخص: Graziani, Rick.
670 ## - بيانات المصدر موجوده
- الاستشهاد بالمصدر: Work cat.: (OSt)0: Graziani, Rick., IPv6 fundamentals :
